Totally tolerant : (Record no. 2811)

MARC details
000 -LEADER
fixed length control field 01031cam a2200277 a 4500
005 - DATE AND TIME OF LATEST TRANSACTION
control field 20240116093422.0
020 ## - INTERNATIONAL STANDARD BOOK NUMBER
International Standard Book Number 9780531138670 (lib. bdg.)
020 ## - INTERNATIONAL STANDARD BOOK NUMBER
International Standard Book Number 0531138674 (lib. bdg.)
040 ## - CATALOGING SOURCE
Original cataloging agency DLC
Transcribing agency DLC
Modifying agency DLC
Language of cataloging eng
050 00 - LIBRARY OF CONGRESS CALL NUMBER
Classification number HM1091
Item number .W43 2008
082 00 - DEWEY DECIMAL CLASSIFICATION NUMBER
Classification number 303.3/85
Edition number 22
100 1# - MAIN ENTRY--PERSONAL NAME
Personal name Webber, Diane
Dates associated with a name 1968-
245 10 - TITLE STATEMENT
Title Totally tolerant :
Remainder of title spotting and stopping prejudice /
Statement of responsibility, etc. Diane Webber and Laurie Mandel.
260 ## - PUBLICATION, DISTRIBUTION, ETC.
Place of publication, distribution, etc. New York :
Name of publisher, distributor, etc. Franklin Watts,
Date of publication, distribution, etc. 2008
300 ## - PHYSICAL DESCRIPTION
Extent 112 pages :
Other physical details illustrations ;
Dimensions 20 cm
505 ## - FORMATTED CONTENTS NOTE
Formatted contents note R
520 ## - SUMMARY, ETC.
Summary, etc. Ethnic slurs. Name calling. Group exclusion. Prejudice isn't overt, but it is everywhere. Learn to spot and stop prejudice when you see it. Find out how to turn differences into exciting opportunities that could change your life.
521 ## - TARGET AUDIENCE NOTE
Target audience note 910
Source Lexile
521 ## - TARGET AUDIENCE NOTE
Target audience note R
Source Raz-Plus
650 #0 - SUBJECT ADDED ENTRY--TOPICAL TERM
Topical term or geographic name entry element Prejudices.
650 #0 - SUBJECT ADDED ENTRY--TOPICAL TERM
Topical term or geographic name entry element Toleration.
700 1# - ADDED ENTRY--PERSONAL NAME
Personal name Mandel, Laurie
Dates associated with a name 1963-
Relator term Coauthor
906 ## - LOCAL DATA ELEMENT F, LDF (RLIN)
a 7
b cbc
c orignew
d 1
e ecip
f 20
g y-gencatlg
942 ## - ADDED ENTRY ELEMENTS (KOHA)
Source of classification or shelving scheme Dewey Decimal Classification
Koha item type Books
Suppress in OPAC No
999 ## -
-- 2811
-- 2811
Holdings
Withdrawn status Lost status Source of classification or shelving scheme Damaged status Not for loan Collection Home library Current library Shelving location Date acquired Total Checkouts Full call number Barcode Date last seen Price effective from Koha item type
    Dewey Decimal Classification     Non-Fiction Footprints International School Library Network Toul Tom Poung Campus Footprints International School Library Network Toul Tom Poung Campus TTP Secondary Non-Fiction Bookshelves 01/16/2024   WEB 303.3/85 HM1091 FISSE00880 01/16/2024 01/16/2024 Books